Pat' Patrouille - Personnages par image - Statistiques

Statistiques générales
  • Ce quiz a été pris 784 fois
  • Le résultat moyen est 8 sur 15
Statistiques - réponses
Par images Réponse % Correct
Stella
98%
Marcus
92%
Chase
86%
Rocky
81%
Zuma
76%
Ryder
74%
Ruben
64%
Everest
62%
Liberty
38%
Tracker
35%
Rex
21%
Ella
11%
Al
9%
Tuck
8%
Corail
7%
Aucun quiz correspondant
Distribution des résultats
% des personnes avec chaque résultat
Percentile par nombre de réponses
Votre historique - résultats
Vous n’avez pas pris ce quiz